MS Word II doplnková disketa kurzu

Enregistré dans:
Détails bibliographiques
Format: Livre
Langue:slovaque
Tags: Ajouter un tag
Pas de tags, Soyez le premier à ajouter un tag!

MARC

LEADER 00000nam a22000003a 4500
001 stu51502
005 20141122030245.3
008 000103s----------------------------slo-d
040 |a STU  |b slo 
041 0 |a slo 
080 |a 681.3.06 
245 |a MS Word II doplnková disketa kurzu 
996 |b CUP220  |c C*UP220  |l CCXVI  |s P  |a 0  |w stu51502_0001